[Event "86th UKR-ch Men 2017"]
[Site "Zhytomyr"]
[Date "2017.12.10"]
[Round "5"]
[White "Neverov, Valeriy"]
[Black "Onischuk, Vladimir"]
[Result "0-1"]
[WhiteElo "2496"]
[BlackElo "2637"]
[Annotator "TA"]
[PlyCount "140"]
[EventDate "2017.??.??"]
[EventType "tourn"]
[EventCountry "UKR"]
[SourceTitle "playchess.com"]
[Source "ChessBase"]
[SourceQuality "1"]

{[%evp 20,140,25,7,14,9,16,0,0,0,0,0,0,0,0,0,17,18,29,22,29,27,30,36,33,0,0,0,0,0,0,0,0,0,0,0,0,0,0,0,0,0,0,0,0,0,0,0,0,0,0,0,0,0,0,0,0,0,0,0,0,0,0,0,0,0,0,0,0,0,0,0,0,0,0,0,0,0,0,0,0,0,0,0,0,0,0,0,0,0,0,0,0,0,0,0,0,0,0,0,0,0,0,-1212,-122,-602,-121,-121,0,-568,0,-1212,-1162,-1126,-1087,-1027,-906,-1348,-6087,-5272,-5025,-1394,-1130]} 1. d4 d6 2. e4 Nf6 3. f3 e5 4. dxe5 dxe5 5. Qxd8+ Kxd8 6. Bc4 Ke8 7. Be3 Nbd7 8. Nc3 c6 9. a4 {B07: Pirc Defence: Miscellaneous Systems} a5 10. Nge2 Bc5 11. Nd1 {LiveBook: 9 Games. White has an edge.} Bxe3 12. Nxe3 Nc5 13. Kf2 $146 ({Predecessor:} 13. Nc1 Nfd7 14. Nd3 Nxd3+ 15. Bxd3 Nb6 16. Nc4 Nxc4 17. Bxc4 Ke7 {½-½ (17) Stevic,H (2621)-Markus,R (2635) Sibenik 2011}) 13... Nfd7 14. Rhd1 Nb6 15. b3 Ke7 16. Nc1 f6 17. Nd3 (17. Bf1 {with more complications.} Be6 18. h4 Rhd8 19. Nd3 Nxd3+ 20. Bxd3 h5 21. Be2) 17... Nxd3+ 18. Rxd3 Nxc4 19. bxc4 Rd8 20. c5 Be6 21. Rb1 Rab8 22. Nf5+ Bxf5 $1 23. exf5 Rxd3 24. cxd3 $11 {[%mdl 4096] Endgame KR-KR} Kd7 25. Rc1 b5 26. cxb6 $1 Rxb6 27. Rc5 Rb2+ 28. Kg3 Kc7 29. Rxa5 Kb7 $1 30. Rc5 Rb3 31. Rc4 Rxd3 32. Rg4 Rd7 33. Kf2 c5 34. Ke3 Kc6 35. g3 h6 36. Ke2 Rb7 37. Kd3 h5 38. Rh4 $1 Rb3+ 39. Ke2 $1 Ra3 40. Rxh5 Rxa4 41. Rh8 Ra7 42. Kd3 Rd7+ 43. Kc3 Kd5 44. Re8 Ra7 {Strongly threatening ...Ra3+.} 45. Rd8+ Kc6 46. Rc8+ Kd7 47. Rg8 Ra3+ 48. Kc4 Kd6 49. Rd8+ Kc6 50. Rc8+ Kd7 51. Rg8 Rxf3 52. Kd5 Rxf5 53. Rxg7+ Ke8 54. Ke6 {[%cal Rg7g8]} (54. h4 {is interesting.} Kf8 55. Rc7 Rf3 56. g4 Rf4 57. g5) 54... Kf8 55. Rc7 Rf2 56. Rxc5 Kg7 57. Rc7+ Kg6 58. Rc8 Rxh2 59. Rg8+ Kh7 60. Rg4 Rf2 61. Kd5 $2 {[%mdl 8192]} (61. Kf7 $11 Kh6 62. Rg6+ Kh5 63. g4+ Kh4 64. Rxf6) 61... Rf1 $2 (61... Rd2+ $1 $19 62. Kc4 Rd8) 62. Ke6 $2 {[%mdl 8192] [#]} (62. Rh4+ $17 Kg6 63. Ke4) 62... Kh6 $2 (62... Rf3 $1 $19 {has better winning chances.} 63. Rh4+ Kg6 64. Rg4+ Kh5) 63. Kd5 Kh7 $2 {[%mdl 8192]} (63... Rf3 $17 64. Ke4 Rf1) 64. Ke6 $1 $19 Rf2 (64... Rf3 $142 65. Kd6 Rd3+ 66. Kc5 Kh6) 65. Kd5 {[#]} Rd2+ $1 {Black is clearly winning.} 66. Kc4 Rd8 67. Kc3 Kh6 68. Kc2 f5 69. Ra4 Kg5 70. Ra7 Kg4 {Precision: White = 73%, Black = 74%.} 0-1

[Event "86th UKR-ch Men 2017"]
[Site "Zhytomyr"]
[Date "2017.12.10"]
[Round "5"]
[White "Gasanov, Eldar"]
[Black "Oleksiyenko, Mykhaylo"]
[Result "1/2-1/2"]
[WhiteElo "2488"]
[BlackElo "2615"]
[Annotator "TA"]
[PlyCount "83"]
[EventDate "2017.??.??"]
[EventType "tourn"]
[EventCountry "UKR"]
[SourceTitle "playchess.com"]
[Source "ChessBase"]
[SourceQuality "1"]

{[%evp 11,83,12,12,12,14,9,17,14,2,8,0,-28,14,16,36,49,45,39,59,25,59,0,0,0,0,0,0,-28,-16,-26,-18,-31,-23,-28,-4,-10,-18,-44,-45,-64,-60,-154,-140,-210,-195,-241,-241,-210,-225,-237,-233,-237,-235,-236,-235,-235,-231,-231,-240,-235,-168,-137,0,0,0,0,0,0,0,0,0,0,0,0]} 1. c4 b6 2. d4 {[%cal Bd2d4,Bd4d5][%mdl 32]} e6 3. a3 Bb7 4. Nc3 f5 5. d5 Nf6 6. g3 Bd6 7. Bg2 {A40: Unusual replies to 1 d4} Be5 (7... a5 8. Nh3 O-O 9. O-O Na6 10. e4 Be5 11. exf5 Bxc3 12. bxc3 exf5 13. Be3 Ne4 14. Bxe4 fxe4 {1-0 (36) Navara,D (2737)-Hou,Y (2666) Biel 2017}) 8. Bd2 O-O 9. Nh3 Na6 10. O-O Nc5 11. Nf4 Qe7 12. Qc2 Nce4 $146 ({Predecessor:} 12... Qf7 13. Rad1 Nce4 14. Nxe4 Nxe4 15. Bc1 Rae8 16. dxe6 dxe6 {½-½ (16) Franco Ocampos,Z (2504)-Romero Holmes,A (2524) Mondariz 2002}) 13. Nxe4 fxe4 14. Bb4 Bd6 {And now ...g5 would win.} 15. Bxd6 Qxd6 16. Bxe4 (16. dxe6 $14 dxe6 17. Rad1) 16... g5 $11 17. Nh3 Nxe4 18. Qxe4 exd5 19. cxd5 Rae8 20. Qd3 Qxd5 21. Qxd5+ Bxd5 22. Rfd1 Bc4 23. e3 h6 24. Rd2 c5 $36 {[%mdl 2048] Black is pushing.} 25. Re1 d5 {[%cal Bd7d5,Bd5d4][%mdl 32]} 26. Kg2 {[#]} ({Better is} 26. b4 $15) 26... d4 $1 $17 {[%mdl 512]} 27. b4 (27. Rc1 $17 dxe3 28. fxe3) (27. exd4 Rxe1) 27... d3 $19 28. e4 Ba6 29. bxc5 bxc5 {Hoping for ...c4.} 30. f3 c4 31. Rc1 Re7 32. Nf2 Ref7 33. Ng4 Rxf3 34. Nxh6+ Kh7 35. Nf5 g4 36. h3 {[#]} Bb7 (36... R3xf5 $1 $17 37. exf5 gxh3+ 38. Kxh3 Rxf5) 37. hxg4 $11 {The position is equal.} Bxe4 38. Rxc4 Re3+ 39. Kf2 Rf3+ 40. Kg2 Re3+ 41. Kf2 Rf3+ 42. Kg2 {Precision: White = 49%, Black = 76%.} 1/2-1/2

[Event "86th UKR-ch Men 2017"]
[Site "Zhytomyr"]
[Date "2017.12.10"]
[Round "5"]
[White "Frolov, Artur"]
[Black "Golubka, Petro"]
[Result "1/2-1/2"]
[WhiteElo "2416"]
[BlackElo "2475"]
[Annotator "TA"]
[PlyCount "41"]
[EventDate "2017.??.??"]
[EventType "tourn"]
[EventCountry "UKR"]
[SourceTitle "playchess.com"]
[Source "ChessBase"]
[SourceQuality "1"]

{[%evp 16,41,2,11,23,26,18,25,37,45,50,24,46,31,32,21,25,20,28,24,36,16,40,25,27,31,19,7]} 1. e4 e5 2. Nf3 Nc6 3. Bb5 a6 4. Bxc6 dxc6 5. d4 exd4 6. Qxd4 Qxd4 7. Nxd4 Bd6 8. Be3 Bd7 {C68: Ruy Lopez: Exchange Variation, sidelines} 9. Nd2 {LiveBook: 3 Games} Ne7 10. Nc4 O-O-O {White has an edge.} 11. O-O-O Rhe8 $146 ({Predecessor:} 11... Ng6 12. Nxd6+ cxd6 13. f3 Rhe8 14. Rhe1 Ne5 15. b3 Kc7 16. a4 b5 17. axb5 axb5 18. Kb2 f6 {½-½ (31) Frolov,A (2405)-Shkuran,D (2418) Lvov 2017}) 12. Nxd6+ cxd6 13. Rhe1 Kc7 14. f3 f6 15. Bf4 Ng6 16. Bg3 Ne5 17. b3 b6 18. a4 h6 19. Kb2 b5 20. axb5 axb5 21. h4 {Precision: White = 66%, Black = 43%.} 1/2-1/2

[Event "86th UKR-ch Men 2017"]
[Site "Zhytomyr"]
[Date "2017.12.11"]
[Round "6"]
[White "Onischuk, Vladimir"]
[Black "Shevchenko, Kirill"]
[Result "1-0"]
[WhiteElo "2637"]
[BlackElo "2547"]
[Annotator "TA"]
[PlyCount "149"]
[EventDate "2017.??.??"]
[EventType "tourn"]
[EventCountry "UKR"]
[SourceTitle "playchess.com"]
[Source "ChessBase"]
[SourceQuality "1"]

{[%evp 9,149,0,52,2,40,27,41,61,75,71,82,66,81,79,76,76,91,77,70,70,77,74,74,70,75,66,98,83,92,68,60,57,83,87,107,74,89,64,94,94,87,92,90,67,79,63,63,67,77,62,103,103,103,103,104,112,113,113,110,107,138,138,138,138,138,138,138,138,198,160,203,152,152,136,138,138,138,138,179,177,170,174,200,197,191,191,191,165,193,187,221,189,217,182,172,181,205,184,190,193,190,182,168,135,145,142,135,127,129,117,127,122,387,395,380,387,362,371,360,370,326,321,154,17,366,352,720,647,887,731,1154,1102,12833,12834,12834,12834,6137,6133,2208,2556,2177,1534]} 1. e4 c5 2. Ne2 d6 {[%cal Bd7d6,Bd6d5][%mdl 32]} 3. g3 d5 4. d3 $146 ({Predecessor:} 4. Bg2 dxe4 5. Nbc3 Nf6 6. Nxe4 Nxe4 7. Bxe4 Nc6 8. d3 e6 9. O-O Be7 10. Nf4 O-O 11. Re1 Bd7 {0-1 (42) Vallejo Pons,F (2706)-Dubov,D (2638) Khanty-Mansiysk 2013}) 4... Nc6 5. Bg2 Nf6 (5... d4 $11) 6. O-O {B20: Sicilian: Unusual White 2nd moves} e6 7. exd5 Nxd5 8. Nbc3 {White is slightly better.} Nxc3 {[#]} 9. Bxc6+ $1 bxc6 10. Nxc3 Be7 11. Be3 Rb8 12. Na4 Qd5 13. c4 Qf5 14. Qe2 O-O 15. Rad1 Rd8 16. f3 h5 17. Bf2 Bf6 18. b3 Bd4 19. Qe4 e5 20. Nxc5 {And now Bxd4 would win.} Bxc5 21. Bxc5 a6 22. Rfe1 f6 23. Re3 Bd7 24. Qxf5 Bxf5 25. Kf2 Rd7 26. Ke2 Rbd8 27. Bb6 Rb8 28. Ba5 $1 Kf7 29. Kd2 Rbb7 30. Kc3 Rb8 31. Bb4 Rbb7 32. Bc5 Rb8 33. h4 Rbd8 34. f4 g6 35. fxe5 fxe5 36. a4 Kf6 37. Bb6 Rb8 38. a5 Rbb7 (38... Re8 $16 39. b4 Kf7) 39. Rd2 Rd6 40. Bc5 Rd8 41. Rf3 Ke6 42. Bb6 Rd6 43. b4 Kf6 44. Re3 Rbd7 45. Bc5 Rd4 46. Rf3 Rg4 47. Re2 Rd8 48. Ba7 Ke6 49. Bb6 Rd7 50. Ree3 Kf6 51. Bc5 Rd8 52. Ba7 Rgd4 53. Bb6 R8d7 54. Re4 $1 R4d6 55. Bc5 Re6 56. Re1 Re8 57. Rd1 $36 {[%mdl 2048] Keeping Black busy.} Red8 58. Bb6 Re8 59. Rd2 Re6 60. Bc5 e4 $2 {[%mdl 8192] [#]} (60... Kf7 $16 {was worth a try.} 61. Rff2 Re8) 61. dxe4 $18 Rxd2 62. exf5 {[%mdl 4096] Endgame KRR-KRB} ({Less strong is} 62. Kxd2 Rxe4 63. Kc3 Ke5 $16) 62... Ree2 63. Bd4+ Kf7 64. fxg6+ Kxg6 65. Rf6+ Kh7 66. Be3 ({Only move:} 66. Rxc6 $16 Rc2+ 67. Kb3) 66... Ra2 $2 {[%mdl 8192]} (66... Rd7 $11 67. Bf4 Rf2) 67. Bf4 c5 $2 (67... Ra3+ 68. Kd4 Ra4 69. Rxc6 Rxb4 70. Rxa6 Rc2) 68. bxc5 {White is clearly winning.} Rxa5 69. c6 {[%cal Bc5c6,Bc6c7][%mdl 32]} Kg7 70. Rd6 Rf5 71. c7 Rc5 72. Rd7+ Kf6 73. Kd4 Rc6 74. Kd5 Ree6 75. Bd6 {Precision: White = 77%, Black = 42%.} 1-0

[Event "86th UKR-ch Men 2017"]
[Site "Zhytomyr"]
[Date "2017.12.11"]
[Round "6"]
[White "Oleksiyenko, Mykhaylo"]
[Black "Frolov, Artur"]
[Result "1-0"]
[WhiteElo "2615"]
[BlackElo "2416"]
[Annotator "TA"]
[PlyCount "99"]
[EventDate "2017.??.??"]
[EventType "tourn"]
[EventCountry "UKR"]
[SourceTitle "playchess.com"]
[Source "ChessBase"]
[SourceQuality "1"]

{[%evp 26,99,45,31,29,16,60,17,20,16,18,15,19,28,39,46,89,21,83,83,86,82,89,75,91,83,81,44,174,173,194,188,214,195,234,236,241,240,219,248,277,283,278,269,333,350,357,333,365,353,345,353,343,346,339,333,338,326,320,301,297,297,377,377,374,332,454,428,591,575,778,779,950,943,1100,1084]} 1. e4 e5 2. Nf3 Nc6 3. Bb5 a6 4. Ba4 Nf6 5. O-O Be7 6. Re1 b5 7. Bb3 d6 8. c3 O-O 9. h3 Na5 10. Bc2 c5 11. d4 Qc7 12. Nbd2 {[%cal Bb1d2,Bd2f1,Bf1g3][%mdl 32]} Bd7 13. Nf1 Nc4 14. Ng3 Rfe8 {C97: Closed Ruy Lopez: Chigorin Defence: 11 d4 Qc7, sidelines} (14... g6 15. b3 Nb6 16. Bh6 Rfc8 17. Rc1 a5 18. Qd2 Ne8 19. Bd3 c4 20. bxc4 Nxc4 21. Bxc4 bxc4 22. dxe5 dxe5 23. Nxe5 Qxe5 24. Qxd7 {1-0 (56) Karjakin,S (2757)-Sethuraman,S (2623) Tsaghkadzor 2015}) 15. d5 a5 16. Bd3 $146 ({Predecessor:} 16. a4 b4 17. b3 Nb6 18. c4 h6 19. Nf5 Nc8 20. Nxe7+ Nxe7 21. Nh4 g5 22. Nf5 Nxf5 23. exf5 {1-0 (47) Schulz,G (2380)-Eyer,K (2219) ICCF email 2007}) 16... Nb6 {The position is equal.} 17. Qe2 c4 18. Bc2 Bd8 19. Be3 Qb8 20. Nd2 h6 21. Qd1 (21. Bxb6 $16 Qxb6 22. a4) 21... Nh7 (21... a4 $11) 22. a4 $16 Nxa4 23. Bxa4 bxa4 24. Nxc4 Ra6 25. Nf5 Bg5 26. Rxa4 (26. Bxg5 {looks sharper.} hxg5 27. Rxa4 Nf6 28. Ra2 Bxf5 29. exf5 Qb7 30. Ne3) 26... Qc7 (26... Bxe3 $14 27. Ncxe3 (27. Rxe3 Nf6 $14) 27... Bxa4 28. Qxa4 Nf6) 27. Ncxd6 $18 Rxd6 28. Nxd6 Qxd6 29. Rxa5 Qg6 30. Qf3 f5 31. exf5 Bxf5 32. Qg3 Bxe3 33. Rxe3 {[%cal Be1e3,Be3a3,Ba3a8][%mdl 32]} (33. Qxe3 $6 Ng5 $18) 33... Qd6 34. Ra7 {[%csl Ga7][%cal Rg3g7] [#]} Bd7 35. c4 Nf6 36. Rea3 Rf8 37. Ra8 Qc5 38. Rxf8+ (38. Qxe5 Qxc4 39. Rxf8+ Kxf8 $18) 38... Kxf8 39. Qc3 ({Resist} 39. Qxe5 Qxc4 40. Ra8+ Kf7 $18) 39... Ne4 40. Ra8+ ({Don't do} 40. Qxe5 Qxc4 41. Ra8+ Kf7 $18) 40... Kf7 41. Qf3+ ({Less strong is} 41. Qxe5 Qxf2+ 42. Kh2 Nd2 $14) 41... Nf6 42. b3 Qd4 43. Qe3 Ke7 44. Qxd4 exd4 45. Kf1 Kd6 46. Ke2 {White is clearly winning.} Kc5 47. g4 h5 48. f3 hxg4 49. hxg4 {[%cal Bh3g4,Bg4g5][%mdl 32]} Be8 50. g5 {Precision: White = 76%, Black = 38%.} 1-0

[Event "86th UKR-ch Men 2017"]
[Site "Zhytomyr"]
[Date "2017.12.11"]
[Round "6"]
[White "Kovchan, Alexander"]
[Black "Neverov, Valeriy"]
[Result "1/2-1/2"]
[WhiteElo "2592"]
[BlackElo "2496"]
[Annotator "TA"]
[PlyCount "55"]
[EventDate "2017.??.??"]
[EventType "tourn"]
[EventCountry "UKR"]
[SourceTitle "playchess.com"]
[Source "ChessBase"]
[SourceQuality "1"]

{[%evp 26,27,21,16]} 1. e4 e5 2. Nf3 Nc6 3. Nc3 Nf6 4. d4 exd4 5. Nxd4 Bb4 6. Nxc6 bxc6 7. Bd3 d5 8. exd5 cxd5 9. O-O O-O 10. Bg5 c6 11. Qf3 h6 12. Bxf6 Qxf6 13. Qxf6 gxf6 14. Ne2 {[#]} Rb8 $146 ({Predecessor:} 14... Bd6 15. Rad1 Rb8 16. b3 Re8 17. h3 Rb6 18. Ng3 c5 19. Rfe1 Rxe1+ 20. Rxe1 Be6 21. c4 dxc4 22. Bxc4 Bxg3 23. fxg3 Bxc4 24. bxc4 {½-½ (33) Hou,Y (2651)-Ding,L (2760) Sharjah 2017}) 15. Ng3 Re8 16. Nh5 Be7 17. Rfe1 Kf8 18. b3 Bg4 19. Ng3 Bb4 20. Rxe8+ Rxe8 21. Bf5 Bc3 22. Rc1 Bxf5 23. Nxf5 Re2 24. Ng3 Rd2 25. Nf1 Re2 26. Ng3 Rd2 27. Nf1 Re2 28. Ng3 {½-½ (28) Kovchan,A (2558)-Neverov,V (2487) Alushta 2011} 1/2-1/2

[Event "86th UKR-ch Men 2017"]
[Site "Zhytomyr"]
[Date "2017.12.11"]
[Round "6"]
[White "Bernadskiy, Vitaliy"]
[Black "Vovk, Andriy"]
[Result "1/2-1/2"]
[WhiteElo "2583"]
[BlackElo "2634"]
[Annotator "TA"]
[PlyCount "57"]
[EventDate "2017.??.??"]
[EventType "tourn"]
[EventCountry "UKR"]
[SourceTitle "playchess.com"]
[Source "ChessBase"]
[SourceQuality "1"]

{[%evp 10,57,7,0,5,5,16,4,19,0,0,0,12,22,18,10,13,0,0,0,0,0,17,17,52,59,62,61,56,10,10,10,10,2,3,0,2,29,26,0,4,0,0,0,0,0,0,0,0,0]} 1. e4 c5 2. Nf3 d6 3. Nc3 Nf6 4. e5 dxe5 5. Nxe5 e6 6. Bb5+ Nbd7 {B50: Sicilian: 2...d6, Miscellaneous} 7. d4 a6 8. Bxd7+ Nxd7 9. Qh5 {[%csl Ge5][%cal Rh5f7] [#]} Nxe5 10. dxe5 Bd7 11. Bg5 Qc7 12. O-O-O $36 {[%mdl 2048] White is pushing.} Bc6 13. f4 Be7 14. Bxe7 Qxe7 {[#]} 15. Rd6 $146 Rd8 16. Rhd1 Rxd6 17. exd6 Qf6 18. g3 Qf5 $1 {[%cal Rf5h5]} 19. Qxf5 (19. Qe2 {with more complications.} O-O 20. a4 Rd8 21. b3 f6 22. Rd2) 19... exf5 $14 {[%mdl 4096] Endgame KRB-KRN} 20. Re1+ Kd7 21. Re7+ Kxd6 22. Rxf7 g6 {[%cal Bg7g6,Bg6g5][%mdl 32]} 23. b3 Ke6 24. Rc7 h6 {The position is equal.} 25. Na4 g5 26. Rg7 Kf6 27. Rc7 Ke6 28. Rg7 Kf6 29. Rc7 {Precision: White = 76%, Black = 57%.} 1/2-1/2

[Event "86th UKR-ch Men 2017"]
[Site "Zhytomyr"]
[Date "2017.12.11"]
[Round "6"]
[White "Grinev, Valeriy"]
[Black "Golubka, Petro"]
[Result "1/2-1/2"]
[WhiteElo "2409"]
[BlackElo "2475"]
[Annotator "TA"]
[PlyCount "39"]
[EventDate "2017.??.??"]
[EventType "tourn"]
[EventCountry "UKR"]
[SourceTitle "playchess.com"]
[Source "ChessBase"]
[SourceQuality "1"]

{[%evp 18,39,0,0,0,0,0,0,0,0,0,0,0,0,0,0,0,0,0,0,0,0,0,0]} 1. e4 e5 2. Nf3 Nf6 {[%cal Bg8f6,Bf6e4,Be4f2,Bf2h1][%mdl 32]} 3. d4 Nxe4 4. dxe5 Bc5 (4... d5 5. Nbd2 Nc5 6. Be2 Be7 7. O-O O-O 8. Re1 Nc6 9. Nf1 f6 10. exf6 Bxf6 11. Ng3 Qd6 12. c3 Be6 13. Ng5 Bd7 {½-½ (27) Harikrishna,P (2766)-Wei,Y (2706) Wijk aan Zee 2017}) 5. Bc4 Nxf2 6. Bxf7+ {C43: Russische Verteidigung (Petrow)} Kxf7 7. Qd5+ Kg6 8. Qxc5 Nxh1 9. Nc3 h6 10. Qc4 {LiveBook: 3 Partien. Schwarz sollte Sd5 verhindern.Die Stellung ist ausgeglichen.} Kh7 {Droht stark ...Te8.} 11. Nd5 Re8 $1 {Und ...c6 würde nun gewinnen.} 12. Qe4+ Kh8 $146 {[#] Droht ...d6 und aus.} 13. Bxh6 $1 {[%mdl 512]} gxh6 14. Qf4 $1 {[%cal Rf4h6]} Re6 {[#]} 15. Nxc7 $1 {[%mdl 512]} Qxc7 16. Qf8+ Kh7 17. Qf7+ Kh8 18. Qf8+ Kh7 19. Qf7+ Kh8 20. Qf8+ 1/2-1/2

[Event "86th UKR-ch Men 2017"]
[Site "Zhytomyr"]
[Date "2017.12.11"]
[Round "6"]
[White "Vypkhaniuk, Ihor"]
[Black "Gasanov, Eldar"]
[Result "1/2-1/2"]
[WhiteElo "2336"]
[BlackElo "2488"]
[Annotator "TA"]
[PlyCount "179"]
[EventDate "2017.??.??"]
[EventType "tourn"]
[EventCountry "UKR"]
[SourceTitle "playchess.com"]
[Source "ChessBase"]
[SourceQuality "1"]

{[%evp 9,179,8,15,12,27,0,9,-10,-12,-15,0,-24,-14,-11,-13,-18,14,6,20,10,14,-15,0,-7,0,-129,-10,-121,-130,-125,-116,-131,-130,-130,-130,-129,-129,-129,-129,-124,-96,-96,-95,-110,0,0,0,0,0,0,0,-12,-12,-12,-12,-12,0,0,0,0,0,0,0,0,0,-12,0,-12,0,-12,0,0,0,-12,0,0,0,0,0,0,0,0,0,0,0,0,0,0,0,0,0,0,0,0,0,0,0,0,0,0,0,0,0,0,0,0,0,0,0,0,0,0,0,0,0,0,0,0,0,0,0,0,0,0,0,0,0,0,0,0,0,0,0,0,0,0,0,0,0,0,0,0,0,0,0,0,0,0,0,0,0,0,0,0,0,0,0,0,0,0,0,0,0,0,0,0,0,0,0,0,0,0]} 1. d4 Nf6 2. Nf3 e6 3. g3 b5 4. Bg5 (4. e3 b4 5. Bg2 Bb7 6. O-O c5 7. a3 a5 8. Nbd2 Na6 9. c4 bxc3 10. bxc3 Be7 11. Rb1 Bc6 {1-0 (77) Yu,Y (2750)-Jumabayev,R (2602) Ashkhabad 2017}) 4... Bb7 5. Nbd2 Be7 6. c3 {A46: 1 d4 Nf6 2 Nf3 e6: Torre, London and Colle Systems} O-O 7. Bg2 c5 $146 ({Predecessor:} 7... d6 8. O-O Nbd7 9. Qc2 c5 10. Rfd1 cxd4 11. Nxd4 Bxg2 12. Kxg2 Qb6 {0-1 (54) Simanjuntak,S (2256)-Dimakiling,O (2479) Manila 2008}) 8. Bxf6 Bxf6 9. O-O Qb6 {[%cal Rc5d4]} 10. e3 d6 11. a4 a6 12. Ne1 Nc6 13. Nd3 Rfd8 14. Ne4 Be7 15. axb5 axb5 16. Qh5 h6 17. b4 ({Much worse is} 17. dxc5 dxc5 18. Rxa8 Bxa8 $15) (17. Rxa8 $11 Bxa8 18. Nxd6 (18. dxc5 dxc5 19. Nf4 b4 $17) 18... Bxd6 19. dxc5) 17... cxb4 (17... Rxa1 $1 $17 18. Rxa1 cxd4 19. exd4 Nxd4 $1 {[%mdl 512]}) 18. cxb4 {[#]} (18. Rxa8 $1 $11 Rxa8 19. cxb4) 18... Rxa1 $1 $17 19. Rxa1 {[#]} Nxd4 $1 {[%mdl 512]} 20. exd4 Qxd4 21. Rd1 {Threatens to win with Ndc5.} Bxe4 22. Ne5 dxe5 23. Rxd4 Rxd4 24. Qe2 Bxg2 25. Kxg2 {[%mdl 4096] Endgame KQ-KRB} Rd5 26. Qe1 f5 (26... g6 $17) 27. h4 $11 {The position is equal.} Kf7 28. h5 e4 29. Qc3 Bd6 30. Kf1 Rd1+ 31. Kg2 Rd3 32. Qc6 Rd5 33. Qc3 Be5 34. Qc6 Bf6 35. Qc7+ Be7 36. Qc3 Rd1 37. Qc6 Rd2 38. Kf1 Rd5 39. Qc3 Bd6 40. Kg2 Rd1 41. Qc6 Rd5 42. Qc3 f4 43. gxf4 Bxf4 44. Qc2 Rxh5 45. Qxe4 Bd6 46. Qb7+ Kf6 47. Qe4 Rg5+ 48. Kf1 Kf7 49. Qd4 Rd5 50. Qe4 h5 51. Kg2 Rg5+ 52. Kf1 Be7 53. Qf3+ Rf5 54. Qe4 g5 55. Kg2 g4 56. Kg3 Rd5 57. Kh2 Bf6 58. Qh7+ Bg7 59. Qe4 Rf5 60. Kg2 Bf6 61. Kg3 Bg5 62. Qb7+ Be7 63. Qe4 Rd5 64. Kh2 Rg5 65. Qh7+ Ke8 66. Qe4 Bd6+ 67. Kg2 Kd7 68. Kh1 Re5 69. Qh7+ Be7 70. Qd3+ Rd5 71. Qe4 Bf6 72. Qh7+ Kd6 73. Qe4 Rf5 74. Qd3+ Ke7 75. Qe4 Kf7 76. Qb7+ Be7 77. Qe4 Bh4 78. Qb7+ Kf6 79. Qc7 Bxf2 80. Qd8+ Kf7 81. Qd7+ Kf6 {Strongly threatening ...Rd5.} 82. Qd8+ Ke5 83. Qc7+ Ke4 {White must now prevent ...Re5.} 84. Qc6+ Kf4 {Hoping for ...Re5.} 85. Qxe6 h4 86. Qh6+ Ke4 87. Qe6+ Kf4 88. Qh6+ Ke4 89. Qe6+ Kf4 90. Qh6+ {Precision: White = 74%, Black = 48%.} 1/2-1/2

[Event "86th UKR-ch Men 2017"]
[Site "Zhytomyr"]
[Date "2017.12.13"]
[Round "7"]
[White "Vovk, Andriy"]
[Black "Grinev, Valeriy"]
[Result "1-0"]
[WhiteElo "2634"]
[BlackElo "2409"]
[Annotator "TA"]
[PlyCount "117"]
[EventDate "2017.??.??"]
[EventType "tourn"]
[EventCountry "UKR"]
[SourceTitle "playchess.com"]
[Source "ChessBase"]
[SourceQuality "1"]

{[%evp 15,117,39,15,0,7,0,0,14,32,0,11,2,18,22,26,33,20,0,46,6,24,28,32,28,54,55,72,67,74,56,103,65,81,56,55,47,68,54,64,53,70,67,83,82,87,80,78,63,100,98,97,87,114,64,84,0,177,181,378,558,506,474,560,544,467,472,529,554,517,471,496,335,354,360,327,311,601,535,959,977,948,951,796,812,772,684,1004,966,949,820,940,881,774,741,712,660,620,576,4794,2721,29971,29972,29988,29989]} 1. e4 c5 2. Nf3 e6 3. d4 cxd4 4. Nxd4 a6 5. Bd3 Nf6 6. Qe2 d6 7. O-O g6 8. c3 {B42: Sicilian: Kan Variation: 5 Bd3} Bg7 {LiveBook: 4 Games} 9. Bg5 O-O $146 ({Predecessor:} 9... Nbd7 10. f4 h6 11. Bh4 e5 12. fxe5 dxe5 13. Nb3 {½-½ (13) Liberzon,V (2515)-Gheorghiu,F (2540) Lone Pine 1979}) 10. Nd2 {The position is equal.} Nbd7 11. a4 Nc5 12. Bc2 {[%cal Bd3c2,Bc2b3,Bb3d5][%mdl 32]} e5 13. N4f3 Ne6 14. Be3 Nf4 15. Bxf4 exf4 16. Bb3 h6 17. Qd3 Qe7 18. Rfe1 {Threatens to win with e5.} Nd7 19. Bd5 Kh7 20. a5 Ne5 21. Nxe5 Bxe5 22. Nc4 (22. Ra4 {seems wilder.} Bd7 23. Rb4 Bb5 24. Bc4 Bc6 25. Nf3) 22... g5 23. Nxe5 dxe5 24. Red1 Bg4 25. Rd2 Rad8 26. c4 {[%cal Bc3c4,Bc4c5][%mdl 32]} Bc8 27. Qc3 g4 28. Rad1 Rd6 29. c5 Rg6 30. b4 h5 31. Bc4 Rfg8 32. Rd6 h4 33. Qd3 Rg5 34. g3 $36 {[%mdl 2048] White is pushing.} hxg3 35. hxg3 (35. fxg3 $16 f3 36. Rd2) 35... fxg3 $2 (35... Rh5 $1 $11 {and Black stays safe.}) 36. fxg3 $18 ({Worse is} 36. Qxg3 Rh5 $11) 36... Rh5 $2 (36... Rf8 {is a better defense.} 37. Rd8 Rgg8 38. Rxf8 Rxf8) 37. Rf1 Rg7 38. Rff6 Be6 39. Bxe6 Qxf6 {[#]} 40. Bxg4 $1 {[%mdl 512]} Qg5 (40... Rxg4 41. Rxf6) 41. Bxh5 Qxh5 {[%mdl 4096] Endgame [#] KQR-KQR} 42. Kg2 $1 Qg5 43. Qf3 Kg8 44. Rd7 f6 45. Rd6 Rf7 $2 (45... Kf7 46. c6 Kg6) 46. Qf5 Qxf5 47. exf5 {KR-KR} Kg7 48. c6 bxc6 49. Rxc6 Ra7 50. g4 Kf7 51. Kf3 Ke7 52. Re6+ Kf7 53. Ke3 Ra8 54. Rb6 Kg7 55. Kf3 Ra7 56. Kg3 Kf7 57. b5 axb5 58. a6 Kg8 59. Rb8+ {Precision: White = 74%, Black = 30%.} 1-0